নব-বিধান / (Record no. 7023)

000 -LEADER
fixed length control field 00716nam a22001937a 4500
003 - CONTROL NUMBER IDENTIFIER
control field CISL
005 - DATE AND TIME OF LATEST TRANSACTION
control field 20260111232416.0
008 - FIXED-LENGTH DATA ELEMENTS--GENERAL INFORMATION
fixed length control field 260112t2021 bg |||g |||| 000 f|ben|d
020 ## - INTERNATIONAL STANDARD BOOK NUMBER
International Standard Book Number 9847032301689
040 ## - CATALOGING SOURCE
Transcribing agency CISL
082 ## - DEWEY DECIMAL CLASSIFICATION NUMBER
Edition number 22
Classification number 891.44371
Item number CSN
100 ## - MAIN ENTRY--PERSONAL NAME
Personal name চট্টোপাধ্যায়, শরৎচন্দ্র
Relator code Sarat Chandra Chattopadhyay
245 ## - TITLE STATEMENT
Title নব-বিধান /
Statement of responsibility, etc. শরৎচন্দ্র চট্টোপাধ্যায়
260 ## - PUBLICATION, DISTRIBUTION, ETC.
Place of publication, distribution, etc. ঢাকা:
Name of publisher, distributor, etc. শব্দশিল্প,
Date of publication, distribution, etc. [c2021]
300 ## - PHYSICAL DESCRIPTION
Extent ৬৪ পৃ.
Other physical details ২১.০৫ সে.মি.
650 ## - SUBJECT ADDED ENTRY--TOPICAL TERM
General subdivision Bengali literature
-- Novel
Geographic subdivision Bangladesh
650 ## - SUBJECT ADDED ENTRY--TOPICAL TERM
General subdivision Juvenile Literature
942 ## - ADDED ENTRY ELEMENTS (KOHA)
Source of classification or shelving scheme
Koha item type Books
Holdings
Withdrawn status Lost status Source of classification or shelving scheme Damaged status Not for loan Permanent Location Current Location Date acquired Full call number Barcode Date last seen Copy number Price effective from Koha item type Public note
          CIDER International School Library CIDER International School Library 2026-01-12 891.44371 CSN 3010007670 2026-01-11 1 2026-01-11 Books Available
© Customized & Maintained by CIDER IT Dept.

Powered by Koha